000 01940nam a22005657a 4500
003 OSt
005 20230327105510.0
008 221006b |||||||| |||| 00| 0 eng d
040 _cBiblioteca Lado V
082 _a701.1
_bS744a
100 _9795
_aSrendni de Birbragher, Celia
_eeditora
_edirectora
245 _aArtNexus/
260 _bAsociación de Revistas Culturales
_c2007
_aU.S.A.
_aColombia
300 _c21x28cm
_a206p.
366 _espa
490 _a66
_v6
_vseptiembre-dieciembre
_x0120 713 X
505 _tRuben Torres Llorca
_aCrónica de un articulo anunciado
505 _tVenecia
_aBienal, arte y hegemonia
505 _tMartin Ramirez - Armando Reveron
505 _tDocumenta 12
505 _tAlberto Baraya
505 _tPhoto Espana
505 _tCarlos Amorales
505 _tBienal del Fin del Mundo
505 _tLa era de la discrepancia
505 _tSotheby's Christie's
505 _tArt Basel 38
505 _tFerias Paralelas
505 _tSP Arte 2007
505 _tArteBA 2007
505 _tMACO
505 _tFIA 2007
505 _tCronicas
505 _tExposiciones colectivas
505 _tReseñas de Libros
505 _tGuía de galerías y museos
505 _tLibros y Catalogos
505 _tLibros para la venta
650 _2Tesauro de Arte & Arquitectura
_aARTE
_9703
650 _2Tesauro de Arte & Arquitectura
_aEXPOSICIONES
650 _2Tesauro de Arte & Arquitectura
_aESCULTURA
650 _2Tesauro de Arte & Arquitectura
_aBIENAL
650 _2Tesauro de Arte & Arquitectura
_aAPRECIACION
650 _2Tesauro de Arte & Arquitectura
_aTEORIA
650 _2Tesauro de Arte & Arquitectura
_aCRITICA
650 _2Tesauro de Arte & Arquitectura
_aFOTOGRAFIA
_9702
650 _2Tesauro de Arte & Arquitectura
_aLITERATURA
651 _2Tesauro de Arte & Arquitectura
_aCOLOMBIA
942 _2ddc
_c1
_h701.1
_iS744a
_n0
999 _c3300
_d3300